American English today! : Teacher's book

This is a six-level series which focuses on communicative skills through activities and games.

Tallennettuna:
Bibliografiset tiedot
Päätekijä: Howe, D. H.
Aineistotyyppi: Kirja
Kieli:Undetermined
Julkaistu: New York Oxford University Press 1987
Aiheet:
Tagit: Lisää tagi
Ei tageja, Lisää ensimmäinen tagi!
Thư viện lưu trữ: Trung tâm Học liệu Trường Đại học Cần Thơ
LEADER 00721nam a2200217Ia 4500
001 CTU_226599
008 210402s9999 xx 000 0 und d
082 |a 428.0076 
082 |b H855/B.1 
100 |a Howe, D. H. 
245 0 |a American English today! : 
245 0 |b Teacher's book 
245 0 |c D. H. Howe, M. Williams 
260 |a New York 
260 |b Oxford University Press 
260 |c 1987 
520 |a This is a six-level series which focuses on communicative skills through activities and games. 
650 |a English language,Tiếng Anh 
650 |x Examinations, questions, etc.,Câu hỏi và bài tập 
910 |b vtbtruc 
980 |a Trung tâm Học liệu Trường Đại học Cần Thơ